000 00732nam a2200169 a 4500
008 070212s2005 xx |||||||||||||| || u
050 _aTHESIS
100 _aSichone, Brian
245 1 0 _aPowerline Communications (PLC)
_cthesis by Brian Sichone, Moses Masakata Silungwe, and Samson Muchindika and supervised by Lubinda Sawekema
260 _a
_bCopperbelt University, School of Technology, Electrical Engineering Department
_c2005
350 _a0.00
650 _aENGINEERING
650 _aELECTRIC ENGINEERING
700 _aSilungwe, Moses M
700 _aMuchindika, Samson
995 _D0.00
_FCBU-MAIN LIBRARY (Kitwe)
_H1
_I0.00
_M1
_UAVAILABLE
_WFeb 12, 2007
_ZUniversity Collection
999 _c54192
_d54192